Cultura generale ITA #3 - Statistics

Statistiche generali
  • Questo quiz è stato fatto 922 volte
  • Il punteggio medio è 9 su 20
Statistiche sulle risposte
Hint Risposta % Corretto
Il taglio di banconota più grande che circola in Europa (solo cifra) 500
86%
L'acqua a volte è altissima, levissima e... Purissima
84%
Canta la mattina Gallo
82%
Il normale numero di pedoni su una scacchiera 16
80%
Pseudonimo di Aron Hector Schmitz, autore del "La coscienza di Zeno" Italo Svevo
69%
La branca della scienza che studia i terremoti Sismologia
69%
Regione in cui si trova la vetta più alta degli Appennini Abruzzo
67%
Parte del corpo con martello, incudine e staffa Orecchio
62%
Soprannome del pallavolista italiano Ivan Zaytsev Zar
51%
Città luogo del primo focolaio di Covid-19 in italia, situata in Lombardia Codogno
47%
Sponsor della squadra di basket di Milano Emporio Armani
42%
Nome della pizza con l'uovo Bismarck
28%
Una proposizione composta da ipotesi e tesi che deve essere dimostrata Teorema
28%
Italiano premio Nobel per la fisica nel 2021 Giorgio Parisi
17%
Universalmente riconosciuto come il più importante autore di fantascienza di sempre Isaac Asimov
16%
Casa editrice di videogiochi, sviluppatrice di League of Legends e Valorant Riot Games
16%
Frutto il cui nome deriva dalla parola azteca per "testicolo" Avocado
14%
Frase celebre di Catone il censore Carthago delenda est
13%
Termine tedesco traducibile come "tensione", utilizzato in letteratura Spannung
13%
È conosciuto come il Prete rosso Antonio Vivaldi
6%
Nessun quiz corrispondente trovato
Distribuzione punteggi
Percentuale di utenti per punteggio
Percentile per numero di risposta
I tuoi punteggi nel tempo
Non hai fatto questo quiz